Diseño, desarrollo y pruebas de un sistema de información para la gestión de inventarios y contratos de almacenes de compraventa pequeños y medianos (pyme). / (Registro nro. 5935)
[ vista simple ]
| 000 -LEADER | |
|---|---|
| fixed length control field | 02403nam a2200265 4500 |
| 001 - CONTROL NUMBER | |
| control field | 0000010705 |
| 005 - DATE AND TIME OF LATEST TRANSACTION | |
| control field | 20250329165508.0 |
| 008 - FIXED-LENGTH DATA ELEMENTS--GENERAL INFORMATION | |
| fixed length control field | 180403s2018 000 0 eng d |
| 040 ## - CATALOGING SOURCE | |
| Original cataloging agency | CO-CtgCURN |
| Language of cataloging | spa |
| Transcribing agency | coctgcurn |
| 082 0# - DEWEY DECIMAL CLASSIFICATION NUMBER | |
| Classification number | TSI 2018 |
| Item number | A973 |
| 100 1# - MAIN ENTRY--PERSONAL NAME | |
| Personal name | Ayala Buelvas, Julio Cesar. |
| 245 10 - TITLE STATEMENT | |
| Title | Diseño, desarrollo y pruebas de un sistema de información para la gestión de inventarios y contratos de almacenes de compraventa pequeños y medianos (pyme). / |
| Statement of responsibility, etc. | Julio Cesar Ayala Buelvas; Director Mario Corpas; tutores Xibia Hurtado; Jairo Acosta. |
| 260 ## - PUBLICATION, DISTRIBUTION, ETC. | |
| Place of publication, distribution, etc. | Cartagena de Indias : |
| Name of publisher, distributor, etc. | Corporación Universitaria Rafael Nuñez, |
| Date of publication, distribution, etc. | 2018. |
| 300 ## - PHYSICAL DESCRIPTION | |
| Extent | 71 p. |
| 504 ## - BIBLIOGRAPHY, ETC. NOTE | |
| Bibliography, etc. note | Trabajo de grado (Tecnologia en Sistemas de Información y Software). Corporación Universitaria Rafael Nuñez. Facultad de Ingenieria. Tecnologia en Sistemas de Información y Software 2018. |
| 520 ## - SUMMARY, ETC. | |
| Summary, etc. | Partiendo de que las tecnologías de Información y comunicación (TIC),actualmente se han utilizado para el fortalecimiento de nuestra economía podemos hacer énfasis del interés que tenemos en que las empresas medianas y pequeñas utilicen en mayor medida el uso de las TIC. Sin embargo, a pesar del gran interés, existen todavía muchas que no utilizan software para el manejo de su compra y venta, debido a múltiples razones como no tener la capacidad económica para el fortalecimiento empresarial, bajo nivel de capacitación para el uso de TIC, entre otras que nombraremos más adelante. Mediante este trabajo se quiere hacer énfasis en la contribución en el fortalecimiento tecnológico de las empresas que no cuentan con herramientas tecnológicas suficientes o actuales, e incentivar el desarrollo de los procesos de las empresas y obtener cambios positivos y mayor rentabilidad desde la implementación de las TIC. |
| 650 #0 - SUBJECT ADDED ENTRY--TOPICAL TERM | |
| Topical term or geographic name entry element | Sistemas de información y software |
| Form subdivision | Tesis y disertaciones academicas. |
| 700 1# - ADDED ENTRY--PERSONAL NAME | |
| Personal name | Narvaez Crosby, Milton. |
| 700 1# - ADDED ENTRY--PERSONAL NAME | |
| Personal name | Hurtado, Xibia, |
| Relator term | Tutor. |
| 700 1# - ADDED ENTRY--PERSONAL NAME | |
| Personal name | Acosta, Jairo, |
| Relator term | Tutor. |
| 700 1# - ADDED ENTRY--PERSONAL NAME | |
| Personal name | Corpas, Mario, |
| Relator term | Director. |
| 856 ## - ELECTRONIC LOCATION AND ACCESS | |
| Uniform Resource Identifier | <a href="https://unicurn.sharepoint.com/:b:/s/biblioteca/EU2u_WFQHnFAqX60IgEMJ5UB8k5m-7vIuPewy1Q84aFD7A?e=lgnFXP">https://unicurn.sharepoint.com/:b:/s/biblioteca/EU2u_WFQHnFAqX60IgEMJ5UB8k5m-7vIuPewy1Q84aFD7A?e=lgnFXP</a> |
| Public note | Click aqui para ver el recurso en texto completo |
| 942 ## - ADDED ENTRY ELEMENTS (KOHA) | |
| Source of classification or shelving scheme | Dewey Decimal Classification |
| Koha item type | Trabajos de grado |
| Classification part | TSI 2018 |
| Item part | A973 |
| Withdrawn status | Lost status | Source of classification or shelving scheme | Damaged status | Not for loan | Collection | Home library | Current library | Shelving location | Date acquired | Source of acquisition | Cost, normal purchase price | Inventory number | Total checkouts | Full call number | Barcode | Date last seen | Copy number | Price effective from | Koha item type |
|---|---|---|---|---|---|---|---|---|---|---|---|---|---|---|---|---|---|---|---|
| Dewey Decimal Classification | Trabajos de grado | Miguel Henríquez Castañeda | Miguel Henríquez Castañeda | Trabajo de grado | 03/29/2025 | El autor | 350000.00 | 021515 | TSI 2018 A973 | 021515 | 11/26/2018 | 1 | 11/26/2018 | Trabajos de grado |